000 00320nam a2200133Ia 4500
005 20251222143228.0
008 251222s9999||||xx |||||||||||||| ||spa||
020 _a84-7057-307-1
082 _a278.3/M43
100 _aMerino, José Antonio
245 0 _aHumanismo Franciscano:
264 _bCristianidad
942 _cLIB
999 _c14075
_d14075